000 02304cam a22005774i 4500
003 PE-LiUPU
005 20250731172845.0
008 120305t20122012miu rb 001 0 eng
010 _a 2012006677
020 _a0802837433
_q(cloth ;
_qalk. paper)
020 _a9780802837431
_q(cloth ;
_qalk. paper)
020 _z1467435864
_q(electronic bk.)
020 _z9781467435864
_q(electronic bk.)
035 _a(Sirsi) i9780802837431
040 _aDLC
_bspa
_erda
_cDLC
_dYDX
_dBTCTA
_dBDX
_dYDXCP
_dOCLCO
_dBWX
_dITC
_dXII
_dCDX
_dOCLCA
_dOCLCQ
_dSGB
_dOCLCA
_dOCLCF
_dOCLCQ
_dCHVBK
_dCFT
_dOCLCA
_dOCLCQ
_dS3O
_dTUU
_dPE-LiUPU
049 _aPRUA
082 0 4 _a225.07
_bPNTC
_220
100 1 _aKruse, Colin G,
_eautor.
245 1 0 _aPaul's letter to the Romans /
_cColin G. Kruse.
264 1 _aGrand Rapids, Michigan :
_bWilliam B. Eerdmans Publishing Company,
_c2012.
300 _axlii, 627 páginas ;
_c24 centímetros.
336 _atext
_2rdacontent
337 _aunmediated
_2rdamedia
338 _avolume
_2rdacarrier
490 1 _aThe Pillar New Testament commentary
504 _aBibliografía : páginas xxiii-xlii.
504 _aÍndices: páginas 590-627.
505 0 _aLetter introduction, 1:1-17 -- Exposition and defense of the Gospel, 1:18--11:36 -- The ethical outworking of the Gospel, 12:1--15:13 -- Paul's ministry and future plans, 15:14-33 -- Conclusion, 16:1-27.
526 _aSEG42
526 _aSEG41
526 _aSEG40
526 _aSEG39
526 _aP94
526 _aP87
526 _aP86
526 _aP85
526 _aP77
526 _aP76
526 _aP35
600 0 7 _aPablo
_cApóstol.
630 0 0 _aBiblia.
_pRomanos
_vComentarios.
630 0 7 _aBiblia.
_pRomanos.
655 7 _aComentarios.
910 _ajck
_bebj
_cebj
_d20160531
942 _2ddc
_cBOOK
949 _a225.07 PNTC 6
_wDEWEY
_c1
_i73353
_lCCODEBUL1
_mBUL
_p50.50
_r0
_sY
_tBOOK
_u2016-5-31
_xTEOLOGIA
_PP85
_0COMPRA
_o.STAFF. Colección Teología
994 _aC0
_bPEPRU
596 _a1
999 _a225.07 PNTC 6
_wDEWEY
_c9642
_i73353
_d9642
_e2018-11-13
_f2021-11-9
_g5
_lCCODEBUL1
_mBUL
_n5
_p50.50
_q12
_r0
_sY
_tBOOK
_u2016-5-31
_xTEOLOGIA
_PP85
_0COMPRA
_o.STAFF. Colección Teología
980 _81
_gALBERTO SANCHEZ Responsable de Automatización